Normal view
MARC view
- China -- Politics and government -- 1949-
Entry Topical Term
001 - CONTROL NUMBER
- control field: 20683
003 - CONTROL NUMBER IDENTIFIER
- control field: OSt
005 - DATE AND TIME OF LATEST TRANSACTION
- control field: 20170505094156.0
008 - FIXED-LENGTH DATA ELEMENTS
- fixed length control field: 170505|| aca||babn | a|a d
040 ## - CATALOGING SOURCE
- Original cataloging agency: OSt
150 ## - HEADING--TOPICAL TERM
- Topical term or geographic name entry element: China -- Politics and government -- 1949-
